Catalog

Record Details

Catalog Search



Available copies

  • 1 of 1 copy available at LARL/NWRL Consortium.
  • 1 of 1 copy available at Lake Agassiz Regional Library. (Show preferred library)

Current holds

0 current holds with 1 total copy.

Show Only Available Copies
Location Call Number / Copy Notes Barcode Shelving Location Status Due Date
Moorhead Public Library LAC (Text) 33500012121257 Main Available -

Record details

  • ISBN: 9781455582150 (softcover)
  • ISBN: 1455582158 (softcover)
  • Physical Description: pages ; cm.
  • Edition: First edition.
  • Publisher: New York : Forever, 2015.

Content descriptions

Summary, etc.:
"CAUGHT IN THE ACT Olivia Bennett is not having a ... Read More
Subject: Man-woman relationships > Fiction.
FICTION / Romance / Contemporary.
FICTION / Contemporary Women.
FICTION / Romance / Adult.
Genre: Love stories.
LDR 02247cam a22004218i 4500
001185819
003LARL_NWRL_CONSORTIUM
00520150720110211.0
008150508s2015 nyu 000 1 eng
010 . ‡a2015017110
020 . ‡a9781455582150 (softcover)
020 . ‡a1455582158 (softcover)
020 . ‡z9781455582167 (ebook)
035 . ‡a(OCoLC)898163909
040 . ‡aDLC ‡beng ‡erda ‡cDLC ‡dBTCTA ‡dBDX ‡dYDXCP ‡dOCLCO
042 . ‡apcc
05000. ‡aPS3612.A336 ‡bE94 2015
08200. ‡a813/.6 ‡223
084 . ‡aFIC027020 ‡aFIC044000 ‡aFIC027010 ‡2bisacsh
1001 . ‡aLacey, Rachel.
24510. ‡aEver after ‡n#3 / ‡cRachel Lacey.
250 . ‡aFirst edition.
264 1. ‡aNew York : ‡bForever, ‡c2015.
300 . ‡apages ; cm.
336 . ‡atext ‡2rdacontent
337 . ‡aunmediated ‡2rdamedia
338 . ‡avolume ‡2rdacarrier
4900 . ‡aLove to the rescue ; ‡v3
520 . ‡a"CAUGHT IN THE ACT Olivia Bennett is not having a happy birthday. Instead of blowing out her twenty-nine candles, she's stuck in jail, caught red-handed in a graffiti incident that (perhaps) involved one too many strawberry margaritas. Worst idea ever. The only bright side is that she ended up in the strong arms of the most gorgeous lawman she's ever seen. Pete Sampson (aka Deputy Hot Stuff) faces intense pressure from the sheriff to find out who's behind a string of vandalisms. And after her spray-painting spree, Olivia is suspect number one. Still, Pete can't stop thinking about her. Wanting her. Now he's torn between his duty and his overpowering desire for the vivacious waitress. But he may have to bend the rules because true love is more important than the letter of the law"-- ‡cProvided by publisher.
650 0. ‡aMan-woman relationships ‡vFiction. ‡0(LARL_NWRL_CONSORTIUM)165985
650 7. ‡aFICTION / Romance / Contemporary. ‡2bisacsh
650 7. ‡aFICTION / Contemporary Women. ‡2bisacsh
650 7. ‡aFICTION / Romance / Adult. ‡2bisacsh
655 7. ‡aLove stories. ‡2gsafd
901 . ‡a185819 ‡bOCLC ‡c185819 ‡tbiblio

Additional Resources